Análises de projectos de investimento (Registo nº 197480)

Detalhes MARC
000 -Etiqueta do registo
Valores 00532nam 22001933 4500
010 ## - Número ISBN
ISBN 978-972-592-217-0
021 ## - Número do Depósito Legal
Número 281771/08
100 ## - Dados gerais de processamento
Dados gerais 20250806d u||y0pory50 ba
200 ## - Titulo e menção de responsabilidade
Título próprio Análises de projectos de investimento
Primeira menção de responsabilidade Omar Mithá
210 ## - Publicação
Local de publicação Lisboa
Nome do editor Escolar Editora
Data de publicação [2008]
215 ## - Descrição física 
Paginação / Volumes 498 p.
Outras indicações físicas brochado
Dimensões 23 cm
606 ## - Nome comum usado como assunto
ID Autoridade 1108
Palavra de ordem Gestão empresarial
675 ## - CDU
Notação 658
Edição PT
Língua por
700 ## - Autor principal (pessoa individual)
ID Autoridade 13526
Apelido Mithá
Nome Omar
801 ## - Fonte de origem
País PT
Agência BMMN
Regras de catalogação RPC
830 ## - Notas gerais do catalogador
Criado por Fernando
Indexado por Fernando
990 ## - Elementos KOHA
Tipo de documento Livro
Exemplares
Situação do levantamento Biblioteca de origem Código de barras Cota Permissão de empréstimo Tipo de documento Forma de aquisição
  Biblioteca Municipal de Montemor-o-Novo 25593 658 MIT|LG   Livro Compra

Powered by Koha